| 000 | 00495cam a22001217a 4500 | ||
|---|---|---|---|
| 008 | 180718b1990 xxu||||| |||| 00| 0 eng d | ||
| 082 | _aWx54 In2ar | ||
| 100 | _aAgrawal, R.P. | ||
| 245 |
_aProject report on the optimization of the transportation and distribution of Allwyn refgigerators _cby R.P. Agrawal |
||
| 260 |
_aNew Delhi _bDepartment of Personnel and Training, Ministry of Personnel _c1990 |
||
| 300 | _a38+p. | ||
| 700 | _aIndia. Department of Personnel and Training, Ministry of Personnel | ||
| 999 |
_c498515 _d498515 |
||